| 000 | 00545nam a2200205Ia 4500 | ||
|---|---|---|---|
| 003 | OSt | ||
| 005 | 20251111153533.0 | ||
| 008 | 210210b2017 xxu||||| |||| 00| 0 eng d | ||
| 040 | _cAL | ||
| 041 | _aKannada | ||
| 082 | _aK894.6 SHAP | ||
| 100 |
_aSHASHIKALA BAYARU _dಶಶಿಕಲಾ ಬಾಯಾರು _9245047 |
||
| 245 |
_aPatrarjita _b ಪತ್ರಾರ್ಜಿತ |
||
| 260 |
_aRamanagara _b- _c2017 |
||
| 300 | _a311 | ||
| 650 |
_aPatrarjita _9245048 |
||
| 690 |
_aKannada Letters _9245049 |
||
| 906 | _a071621 | ||
| 942 |
_2ddc _cBK |
||
| 999 |
_c121399 _d121399 |
||